000 00957nam a2200265 i 4500
001 180170
003 ES-MaACL
005 20250912063056.0
008 120511s2001 sp ao |||| | spa d
020 _a84-95192-86-1
080 _a913(460.281)
100 1 _aAguilar Moreno, Pedro
_9149985
245 1 0 _aAguas abajo /
_cPedro Aguilar.
246 3 5 _aAguas abajo
_b: (estampas de un caminante)
260 _aCuenca :
_bDiputación Provincial de Cuenca,
_c[2001]
300 _a145 p. :
_bil., fot. ;
_c23 cm.
490 1 _aColección Manu Leguineche / coord. por Raúl Torres
586 _aPremio Alonso de Ojeda de Viajes, 2001
651 7 _aGuadalajara (Provincia)-
_xDescripción.
_98793
710 1 _aCuenca (Provincia).
_bDiputación Provincial.
_93346
830 0 _aColección Manu Leguineche
_9224605
852 _aES-MaACL
_jA-12080
_9187080
_bR.146863
_cDEPO1
_dOlim: N-5085
942 _2udc
_cMONOGRAFIA
999 _c180170
_d180170